MARC

LEADER 00000nam0a2200000 4500
001 293500
005 20231102000611.0
020 |a RU  |b 84-41047 
035 |a (RuTPU)RU\TPU\book\318528 
090 |a 293500 
100 |a 20150430d1983 km y0rusy5003 ca 
101 0 |a rus 
102 |a RU 
105 |a y z 001zy 
200 1 |a Состояния нервно-психического напряжения  |f Т. А. Немчин 
210 |a Ленинград  |c Изд-во ЛГУ  |d 1983 
215 |a 166 с. 
320 |a Библиогр.: с. 153-164 
606 1 |a Физиология труда  |x Психология  |2 stltpush  |3 (RuTPU)RU\TPU\subj\63788  |9 80725 
610 1 |a эмоции 
610 1 |a психическая адаптация 
610 1 |a психогигиена 
610 1 |a нервное возбуждение 
610 1 |a влияние на организм 
610 1 |a работоспособность 
610 1 |a психическая деятельность 
610 1 |a психическое напряжение 
610 1 |a управление 
686 |a Ю941.1  |2 rubbk 
700 1 |a Немчин  |b Т. А.  |g Тигран Анатольевич  |4 070 
712 0 2 |a Ленинградский государственный университет (ЛГУ)  |c (1924-1991)  |2 stltpush  |3 (RuTPU)RU\TPU\col\77 
801 0 |a RU  |b RuMRKP  |c 19950704  |g psbo 
801 1 |a RU  |b 63413507  |c 20150430 
801 2 |a RU  |b 63413507  |c 20180426  |g RCR 
942 |c BK